000 00351nam a22001457a 4500
003 OSt
005 20231026050758.0
008 231026b |||||||| |||| 00| 0 eng d
040 _cIIMT UNIVERSITY
100 _aGOYANDKA, JAYDAYAL
245 _aTATVA CHINTAMANI BHAG-1
260 _aGORAKHPUR
_bGEETA PRESS
_cS.2039
300 _a352
942 _2ddc
_c09
999 _c57531
_d57531